000 004090000a22001690004500
003 MACL
005 20160119150628.0
008 160119b xxu||||| |||| 00| 0 eng d
040 _aMACL
_cMACL
041 _aEnglish
082 _a415
100 _aGlance, A
_933208
245 _aIdioms and Phrases
260 _bSudha Publications
_c2001
_aNew Delhi
650 _aGrammer
_933263
942 _cBK
_k415/Sud
_2ddc
999 _c33238
_d33238